000 01466naa a2200337 i 4500
003 EG-GICUC
005 20260121101428.0
008 251203s1930 us ||||fr|||||||1 | lat d
040 _aEG-GiCUC
_beng
_cEG-GiCUC
_dEG-GiCUC
_erda
082 0 4 _221
_a341.1
_bBY . Q
092 0 4 _221
099 _aLaw1 11 341.1 BY . Q 1930
100 1 _aBynkershoek, Cornelis van,
_d1673-1743,
_eAuthor.
245 1 0 _aQuaestionum juris publici libri duo.
_nVolume One,
_pA Photographic Reproduction of the Edition of 1737 /
_cby Cornelius van Bynkershoek.
264 3 _aOxford :
_bThe Clarendon University Press,
_c1930.
264 1 _aLondon :
_bHumphrey Milford,
_c1930.
300 _aVarious paging :
_c24 cm.
_bPhotograph ;
336 _2rda content
_atext
337 _2rda media
_aComputer
338 _2rda carrier
_aOnline Resource
490 0 _aThe classics of international law.
500 _aIncludes index
500 _aText in Latin with a List of Errata, and a Portrait of Bynkershoek.
504 _aIncludes Bibliographic references
505 _aVOL. I. A Photographic Reproduction of the Edition of 1737, with a List of Errata, and a Portrait of Bynkershoek. VOL. II. A Translation of the Text, by Tenney Frank, with an Introduction by J. de Louter, and an Index.
650 1 4 _2qrmak
_xPublic international law
651 1 _2qrmak
856 4 0 _uhttps://fll.law.cu.edu.eg/fulltext/bks/B11-05404.pdf
905 _a75
_eHassnaa
942 _2ddc
_n0
_cBK
_e21
999 _c48258
_d48258